[Event "Mecklenburg VP LL2 West 2122"]
[Site "Mecklenburg VP"]
[Date "2021.10.24"]
[Round "1.5"]
[White "Peter, Volkhard"]
[Black "Meier, Klaus"]
[Result "0-1"]
[WhiteElo "1739"]
[BlackElo "2013"]
[PlyCount "118"]
[EventDate "2021.10.24"]
[EventType "team-tourn"]
[EventRounds "9"]
[EventCountry "GER"]
[SourceTitle "EXT 2024"]
[Source "ChessBase"]
[SourceDate "2023.10.10"]
[SourceVersion "1"]
[SourceVersionDate "2023.10.10"]
[SourceQuality "1"]
[WhiteTeam "Schwerin SV Einheit"]
[BlackTeam "Ludwigslust"]
[WhiteTeamCountry "GER"]
[BlackTeamCountry "GER"]

1. e4 c5 2. d4 cxd4 3. c3 dxc3 4. Nxc3 Nc6 5. Nf3 d6 6. Bc4 e6 7. 0-0 a6 8. Qe2 Ne5 9. Nxe5 dxe5 10. Rd1 Bd7 11. Bb3 Qc7 12. Be3 b5 13. Rac1 Qb7 14. f3 Nf6 15. Rd3 Be7 16. Bg5 Rc8 17. Bxf6 Bxf6 18. Rcd1 Bc6 19. a3 0-0 20. g3 Be7 21. Kg2 b4 22. axb4 Qxb4 23. Na2 Qb7 24. Qe1 Bc5 25. Qa5 Bd4 26. Bc4 Bb5 27. Bxb5 axb5 28. Nc3 b4 29. Nb5 Rc2+ 30. R1d2 Rxd2+ 31. Rxd2 Ra8 32. Nd6 Rxa5 33. Nxb7 Ra2 34. Rc2 Rxb2 35. Rxb2 Bxb2 36. Nc5 Kf8 37. Kf1 Ke7 38. Ke2 Kd6 39. Nb3 Kc6 40. Kd3 Kb5 41. Kc2 Bc3 42. g4 Kc4 43. Na5+ Kd4 44. Nc6+ Ke3 45. Nd8 Kxf3 46. h3 Kxe4 47. Nxf7 Kf4 48. Nd8 Kg3 49. Nxe6 e4 50. Ng5 e3 51. Kd3 Kf2 52. Ne4+ Kf3 53. Ng5+ Kf4 54. Nxh7 Bf6 55. Nf8 Kf3 56. g5 Be5 57. g6 Bf6 58. h4 e2 59. h5 e1Q 0-1

[Event "Mecklenburg VP Landesliga West 1920"]
[Site "Mecklenburg VP"]
[Date "2020.01.19"]
[Round "5.7"]
[White "Meier, Klaus"]
[Black "Moews, Harald"]
[Result "1-0"]
[WhiteElo "2013"]
[BlackElo "1786"]
[PlyCount "95"]
[EventDate "2019.09.29"]
[EventType "team-tourn"]
[EventRounds "9"]
[EventCountry "GER"]
[SourceTitle "EXT 2023"]
[Source "ChessBase"]
[SourceDate "2022.10.05"]
[SourceVersion "1"]
[SourceVersionDate "2022.10.05"]
[SourceQuality "1"]
[WhiteTeam "Ludwigslust"]
[BlackTeam "Schwerin SV Einheit"]
[WhiteTeamCountry "GER"]
[BlackTeamCountry "GER"]

1. d4 d5 2. Nf3 e6 3. c4 c6 4. Nc3 a6 5. cxd5 cxd5 6. Bg5 Nf6 7. e3 Be7 8. Bd3 0-0 9. 0-0 Nbd7 10. Rc1 b5 11. Bb1 Bb7 12. Qd3 g6 13. Nd2 Kg7 14. f4 Nh5 15. g4 Bxg5 16. gxh5 Bh6 17. Rf2 f5 18. Rg2 Kf7 19. hxg6+ hxg6 20. Qe2 Rh8 21. Nf3 Qf6 22. Kf2 Rac8 23. Rcg1 Nf8 24. Ne5+ Ke7 25. Ke1 b4 26. Nd1 Rc1 27. Bc2 Ra1 28. Bb3 Qh4+ 29. Kd2 Bxf4 30. exf4 Qxf4+ 31. Qe3 Qh4 32. Nf3 Qf6 33. Qf4 Kd7 34. Qb8 Kc6 35. Ne5+ Kb6 36. Qd6+ Ka7 37. Qxb4 Rh4 38. Qc5+ Ka8 39. Nf3 Rf4 40. Rg3 Rg4 41. a3 g5 42. Ba4 Rf4 43. Rxg5 Rxf3 44. Rg8 Qh6+ 45. Ke2 Rf2+ 46. Nxf2 Qh5+ 47. Kd2 Qh6+ 48. Kd3 1-0

[Event "Mecklenburg VP VL1819"]
[Site "Mecklenburg VP"]
[Date "2019.03.24"]
[Round "8.6"]
[White "Wagner, Ralph"]
[Black "Meier, Klaus"]
[Result "1-0"]
[WhiteElo "2062"]
[BlackElo "1805"]
[PlyCount "87"]
[EventDate "2018.10.21"]
[EventType "team-tourn"]
[EventRounds "9"]
[EventCountry "GER"]
[SourceTitle "EXT 2022"]
[Source "ChessBase"]
[SourceDate "2021.10.06"]
[SourceVersion "1"]
[SourceVersionDate "2021.10.06"]
[SourceQuality "1"]
[WhiteTeam "Schwerin SF II"]
[BlackTeam "Ludwigslust VT 2000"]
[WhiteTeamCountry "GER"]
[BlackTeamCountry "GER"]

1. d4 Nf6 2. c4 c5 3. d5 g6 4. Nc3 d6 5. Bf4 Nh5 6. Bg5 Bg7 7. Qc2 Na6 8. e4 h6 9. Bh4 Bd7 10. a3 Qa5 11. Rc1 Nc7 12. Qd2 g5 13. Bg3 0-0-0 14. Bd3 Nxg3 15. hxg3 Bxc3 16. Qxc3 Qxc3+ 17. Rxc3 a5 18. Ne2 e5 19. f3 Rdf8 20. g4 Ne8 21. Kf2 Ng7 22. Ng3 f6 23. Rcc1 Rh7 24. Rh2 Kc7 25. Rch1 Rfh8 26. Rb1 b6 27. Bc2 Ra8 28. Ne2 h5 29. gxh5 Rxh5 30. Rxh5 Nxh5 31. Rh1 Ng7 32. Rh7 Rg8 33. Nc3 Ne8 34. Nb5+ Kd8 35. Ba4 g4 36. Nc3 Ng7 37. Bxd7 Kxd7 38. fxg4 Kc8 39. Ne2 Ne8 40. Kf3 Nc7 41. Ng3 Ne8 42. Nf5 Rf8 43. Re7 Rh8 44. Rxe8+ 1-0

[Event "Mecklenburg VP LL2 West 1617"]
[Site "Mecklenburg VP"]
[Date "2017.01.15"]
[Round "5.1"]
[White "Meier, Klaus"]
[Black "Graffenberger, Martin"]
[Result "0-1"]
[WhiteElo "1854"]
[BlackElo "1858"]
[PlyCount "124"]
[EventDate "2016.10.16"]
[EventType "team-tourn"]
[EventRounds "9"]
[EventCountry "GER"]
[SourceTitle "EXT 2022"]
[Source "ChessBase"]
[SourceDate "2021.10.06"]
[SourceVersion "1"]
[SourceVersionDate "2021.10.06"]
[SourceQuality "1"]
[WhiteTeam "Ludwigslust VT 2000 II"]
[BlackTeam "Neukloster VfL Blau Weiss"]
[WhiteTeamCountry "GER"]
[BlackTeamCountry "GER"]

1. d4 c5 2. d5 e6 3. c4 exd5 4. cxd5 d6 5. Nc3 Ne7 6. Nf3 Ng6 7. e4 Be7 8. Be2 0-0 9. 0-0 Nd7 10. Nd2 Nf4 11. Nc4 Nxe2+ 12. Qxe2 a6 13. a4 Ne5 14. Nxe5 dxe5 15. Be3 Bd6 16. Nb1 f5 17. f3 Bd7 18. Rc1 Rc8 19. a5 Bb5 20. Qd2 fxe4 21. fxe4 Qh4 22. Nc3 Bd7 23. Qc2 Rf6 24. Rf1 Rxf1+ 25. Rxf1 Qd8 26. Ra1 b5 27. axb6 Qxb6 28. Na4 Qb4 29. Nc3 a5 30. Rf1 a4 31. g3 Rb8 32. Rf2 Qc4 33. Kg2 Rb3 34. Nd1 Qb4 35. h3 Qb8 36. Bxc5 Bxh3+ 37. Kh2 Bg4 38. Bxd6 Qxd6 39. Nc3 Qh6+ 40. Kg1 Qe3 41. Kg2 Qh6 42. Ne2 Qh3+ 43. Kg1 Bxe2 44. Qxe2 Rxg3+ 45. Rg2 Qxg2+ 46. Qxg2 Rxg2+ 47. Kxg2 g5 48. Kg3 h5 49. Kh3 Kf7 50. Kg3 Kf6 51. Kh3 g4+ 52. Kh4 Kg6 53. Kg3 Kg5 54. Kg2 h4 55. Kg1 g3 56. Kg2 Kg4 57. d6 h3+ 58. Kg1 Kf3 59. d7 h2+ 60. Kh1 Kf2 61. d8Q g2+ 62. Kxh2 g1Q+ 0-1

[Event "Mecklenburg VP LL2 West 1516"]
[Site "Mecklenburg VP"]
[Date "2016.01.17"]
[Round "5.1"]
[White "Meier, Klaus"]
[Black "Junggebauer, Thomas"]
[Result "1/2-1/2"]
[WhiteElo "1990"]
[BlackElo "1977"]
[PlyCount "43"]
[EventDate "2015.09.20"]
[EventType "team-tourn"]
[EventRounds "9"]
[EventCountry "GER"]
[SourceTitle "EXT 2022"]
[Source "ChessBase"]
[SourceDate "2021.10.06"]
[SourceVersion "1"]
[SourceVersionDate "2021.10.06"]
[SourceQuality "1"]
[WhiteTeam "Ludwigslust VT 2000 II"]
[BlackTeam "Wismar ASV Gruen-Weiss II"]
[WhiteTeamCountry "GER"]
[BlackTeamCountry "GER"]

1. d4 d5 2. Nf3 Nf6 3. c4 c6 4. Bg5 Nbd7 5. e3 e6 6. Nc3 Qa5 7. Nd2 dxc4 8. Bxf6 Nxf6 9. Nxc4 Qd8 10. Bd3 Be7 11. 0-0 0-0 12. Rc1 c5 13. dxc5 Bxc5 14. Qe2 Bd7 15. Rfd1 Qe7 16. Ne4 Rfd8 17. Nxf6+ gxf6 18. Qg4+ Kh8 19. Qh5 f5 20. Ne5 Be8 21. Nf3 Rac8 22. Be2 1/2-1/2

[Event "Mecklenburg VP LL2 West 1314"]
[Site "Mecklenburg VP"]
[Date "2013.11.24"]
[Round "3.4"]
[White "Meier, Klaus"]
[Black "Herde, Dittmar"]
[Result "1-0"]
[WhiteElo "1850"]
[BlackElo "1807"]
[PlyCount "77"]
[EventDate "2013.10.27"]
[EventType "team-tourn"]
[EventRounds "9"]
[EventCountry "GER"]
[SourceTitle "EXT 2022"]
[Source "ChessBase"]
[SourceDate "2021.10.06"]
[SourceVersion "1"]
[SourceVersionDate "2021.10.06"]
[SourceQuality "1"]
[WhiteTeam "Ludwigslust Post SV"]
[BlackTeam "Rostock SSC 07 III"]
[WhiteTeamCountry "GER"]
[BlackTeamCountry "GER"]

1. d4 d5 2. Nf3 Nf6 3. c4 e6 4. Bg5 Be7 5. e3 c5 6. dxc5 Bxc5 7. Nc3 Bb4 8. cxd5 exd5 9. Qd4 Bxc3+ 10. Qxc3 Be6 11. Bxf6 gxf6 12. Bb5+ Bd7 13. Bxd7+ Nxd7 14. Rd1 Nb6 15. 0-0 0-0 16. Rd4 Rc8 17. Qd3 Rc4 18. b3 Rxd4 19. Qxd4 Re8 20. Qg4+ Kh8 21. Rc1 Re7 22. Qf4 Rd7 23. Nd4 Nc8 24. h4 Nd6 25. h5 Kg8 26. h6 Ne8 27. Qf5 Kh8 28. Qg4 Rc7 29. Rxc7 Qxc7 30. Nf5 Qe5 31. Ng7 f5 32. Nxf5 Qa1+ 33. Kh2 Qf6 34. Qf4 Qd8 35. Qe5+ Kg8 36. Ne7+ Kf8 37. Nxd5 Qh4+ 38. Kg1 f6 39. Qe7+ 1-0

[Event "Mecklenburg VP LL2 West 1112"]
[Site "Mecklenburg VP"]
[Date "2012.03.18"]
[Round "8.7"]
[White "Lindner, Thomas"]
[Black "Meier, Klaus"]
[Result "1/2-1/2"]
[WhiteElo "1647"]
[BlackElo "1801"]
[PlyCount "55"]
[EventDate "2011.10.02"]
[EventType "team-tourn"]
[EventRounds "9"]
[EventCountry "GER"]
[SourceTitle "EXT 2022"]
[Source "ChessBase"]
[SourceDate "2021.10.06"]
[SourceVersion "1"]
[SourceVersionDate "2021.10.06"]
[SourceQuality "1"]
[WhiteTeam "Schwerin SF III"]
[BlackTeam "Ludwigslust Post SV"]
[WhiteTeamCountry "GER"]
[BlackTeamCountry "GER"]

1. d4 Nf6 2. c4 c5 3. Nf3 e6 4. Nc3 cxd4 5. Nxd4 Be7 6. e3 a6 7. Be2 Qc7 8. b3 d6 9. Bb2 Nbd7 10. 0-0 Ne5 11. Rc1 b6 12. Nf3 Ned7 13. Nd2 0-0 14. Bf3 Bb7 15. Nce4 Bxe4 16. Nxe4 Nxe4 17. Bxe4 Rad8 18. Qh5 h6 19. Rfd1 Bf6 20. Bxf6 Nxf6 21. Qf3 Qc5 22. Bb1 Rc8 23. Rc2 Rfd8 24. Rcd2 a5 25. Qf4 Ne8 26. Qe4 Nf6 27. Qf4 Ne8 28. Qe4 1/2-1/2

[Event "Mecklenburg VP LL2 West 1112"]
[Site "Mecklenburg VP"]
[Date "2011.12.11"]
[Round "4.6"]
[White "Bartusch, Klaus"]
[Black "Meier, Klaus"]
[Result "0-1"]
[WhiteElo "1654"]
[BlackElo "1801"]
[PlyCount "122"]
[EventDate "2011.10.02"]
[EventType "team-tourn"]
[EventRounds "9"]
[EventCountry "GER"]
[SourceTitle "EXT 2022"]
[Source "ChessBase"]
[SourceDate "2021.10.06"]
[SourceVersion "1"]
[SourceVersionDate "2021.10.06"]
[SourceQuality "1"]
[WhiteTeam "Schwerin SV Einheit"]
[BlackTeam "Ludwigslust Post SV"]
[WhiteTeamCountry "GER"]
[BlackTeamCountry "GER"]

1. d4 Nf6 2. c4 c5 3. d5 d6 4. Nc3 g6 5. e4 Bg7 6. Bd3 e6 7. Nge2 exd5 8. exd5 0-0 9. 0-0 a6 10. Bf4 Qc7 11. Rc1 Nbd7 12. Ng3 Ne8 13. Qd2 Ne5 14. Be2 f5 15. Bh6 Nf6 16. Bxg7 Qxg7 17. f4 Nf7 18. a4 b6 19. b3 Rb8 20. Rce1 Bd7 21. Bd3 Rfd8 22. Re7 Ne8 23. Nce2 Qf6 24. Re3 Nc7 25. Qc3 Kg7 26. Qxf6+ Kxf6 27. Nc3 b5 28. a5 b4 29. Nd1 Re8 30. Rfe1 Rxe3 31. Nxe3 Re8 32. Kf2 Nd8 33. Bc2 Nb7 34. Ra1 Re7 35. Bd3 Ne8 36. Bc2 Ng7 37. h4 h6 38. Bd1 g5 39. hxg5+ hxg5 40. fxg5+ Kxg5 41. Nef1 f4 42. Nh1 Nf5 43. Nd2 Nd4 44. g3 Re3 45. gxf4+ Kxf4 46. Ra2 Rc3 47. Ke1 Bh3 48. Kf2 Bg4 49. Bxg4 Kxg4 50. Ra1 Nxb3 51. Rg1+ Kf5 52. Nxb3 Rxb3 53. Ng3+ Rxg3 54. Kxg3 Ke4 55. Rd1 Nxa5 56. Kf2 Nxc4 57. Ke2 a5 58. Kf2 Nb6 59. Re1+ Kxd5 60. Rd1+ Kc6 61. Ke3 a4 0-1

[Event "Mecklenburg VP LL2 West 1011"]
[Site "Mecklenburg VP"]
[Date "2010.12.12"]
[Round "4.8"]
[White "Meier, Klaus"]
[Black "Do, Nhat Tan"]
[Result "0-1"]
[WhiteElo "1816"]
[BlackElo "1298"]
[PlyCount "54"]
[EventDate "2010.10.10"]
[EventType "team-tourn"]
[EventRounds "9"]
[EventCountry "GER"]
[SourceTitle "EXT 2022"]
[Source "ChessBase"]
[SourceDate "2021.10.06"]
[SourceVersion "1"]
[SourceVersionDate "2021.10.06"]
[SourceQuality "1"]
[WhiteTeam "Ludwigslust Post SV"]
[BlackTeam "Putlitzer SV 1921"]
[WhiteTeamCountry "GER"]
[BlackTeamCountry "GER"]

1. d4 d5 2. Nf3 Nf6 3. Bg5 e6 4. e3 Nbd7 5. Ne5 Be7 6. Bxf6 Bxf6 7. f4 c5 8. c3 Qb6 9. Qc2 Nxe5 10. fxe5 Bh4+ 11. g3 Bg5 12. Kf2 0-0 13. Bd3 g6 14. Re1 f6 15. exf6 Rxf6+ 16. Kg2 Bd7 17. Na3 Raf8 18. Rab1 c4 19. Bf1 e5 20. Qe2 Bf5 21. Rbc1 Be4+ 22. Kg1 Rf3 23. Nxc4 dxc4 24. Qxc4+ Kg7 25. Bg2 Bxe3+ 26. Kh1 Qxb2 27. Rb1 Rf1+ 0-1

[Event "Mecklenburg VP LL 0910"]
[Site "Mecklenburg VP"]
[Date "2009.10.18"]
[Round "1.5"]
[White "Hamann, Dirk"]
[Black "Meier, Klaus"]
[Result "0-1"]
[WhiteElo "1964"]
[BlackElo "1782"]
[PlyCount "62"]
[EventDate "2009.10.18"]
[EventType "team-tourn"]
[EventRounds "9"]
[EventCountry "GER"]
[SourceTitle "EXT 2016"]
[Source "ChessBase"]
[SourceDate "2015.10.08"]
[SourceVersion "1"]
[SourceVersionDate "2015.10.08"]
[SourceQuality "1"]
[WhiteTeam "Warnemuende SF Ostsee"]
[BlackTeam "Ludwigslust Post SV"]
[WhiteTeamCountry "GER"]
[BlackTeamCountry "GER"]

1. e4 c5 2. Nf3 d6 3. d4 cxd4 4. Nxd4 Nf6 5. Nc3 a6 6. Bg5 e6 7. f4 Be7 8. Qf3 Qc7 9. 0-0-0 0-0 10. g4 Nc6 11. Nde2 Rb8 12. Bxf6 Bxf6 13. g5 Be7 14. Rg1 Re8 15. Qh5 b5 16. Rd3 g6 17. Qh4 h5 18. Ng3 Nb4 19. Rf3 Bf8 20. a3 Nc6 21. f5 Ne5 22. Rf4 Qc5 23. Rg2 b4 24. axb4 Rxb4 25. Nxh5 Qe3+ 26. Kb1 gxh5 27. Rg3 Qe1+ 28. Ka2 exf5 29. g6 Qc1 30. b3 Qxc2+ 31. Ka3 Qxb3# 0-1